Villes du département de l'Orne en images - Statistiques

Statistiques générales
  • Ce quiz a été pris 47 fois
  • Le résultat moyen est 9 sur 18
Statistiques - réponses
Par images Hint Réponse % Correct
A Alençon
97%
A Argentan
97%
F Flers
91%
(L) A L'Aigle
82%
(L) F La Ferté-Macé
73%
B Bagnoles-de-l'Orne
64%
M Mortagne-au-Perche
64%
S Sées
58%
D Domfront
48%
V Vimoutiers
39%
C Carrouges
33%
G Gacé
24%
M Mortrée
21%
T Tinchebray
21%
B Briouze
18%
B Bellême
15%
C Camembert
15%
T Trun
6%
Aucun quiz correspondant
Distribution des résultats
% des personnes avec chaque résultat
Percentile par nombre de réponses
Votre historique - résultats
Vous n’avez pas pris ce quiz